00501nam a2200157Ia 450000500170000000800460001703700120006304000210007504100130009608400190010910000180012824500710014626000470021730000150026449000640027920250508151748.0008 250505s9999 xx 000 0 eng d aTextual aFEDL bengcFEDL aeng2eng a321, BARqFEDL aBarbu Zevedei 0aDemocracy and dictatorship : Their psychology and patterns of life aLondon, UKbRoutledge and Kegan Paulc1956 aviii,275p. aInternational library of socilogy and social reconstruction